[Event "Belgrade Trophy 35th"]
[Site "Belgrade"]
[Date "2021.11.29"]
[Round "6"]
[White "Jankovic, Igor"]
[Black "Savic, Dusan"]
[Result "1/2-1/2"]
[WhiteElo "1700"]
[BlackElo "1302"]
[PlyCount "72"]
[EventDate "2021.11.24"]
[EventType "swiss"]
[EventRounds "9"]
[EventCountry "SRB"]
[SourceTitle "CBM 205 Extra"]
[Source "ChessBase"]
[SourceDate "2022.01.31"]
[SourceVersion "1"]
[SourceVersionDate "2022.01.31"]
[SourceQuality "1"]

1. d4 Nf6 2. c4 e6 3. Nc3 Bb4 4. Qc2 c5 5. dxc5 Bxc5 6. e4 d6 7. Bg5 Nbd7 8. Bd3 h6 9. Bh4 Ne5 10. f4 Nxd3+ 11. Qxd3 Bxg1 12. Rxg1 Qb6 13. 0-0-0 0-0 14. g4 e5 15. Bxf6 gxf6 16. g5 fxg5 17. fxg5 h5 18. Nd5 Qf2 19. Rdf1 Qxh2 20. Rh1 Qg2 21. Rxh5 Bg4 22. Rh4 Be2 23. Qxe2 Qxe2 24. Rfh1 Qxc4+ 25. Kb1 Qd3+ 26. Ka1 Qxd5 27. exd5 Kg7 28. Kb1 Rh8 29. Rh6 Rac8 30. Rf1 Rxh6 31. gxh6+ Kg6 32. Rh1 Rh8 33. Rg1+ Kf6 34. Rh1 Kg6 35. Rg1+ Kf6 36. Rh1 Kg6 1/2-1/2